Bến bờ T.1=01
שמור ב:
| מחבר ראשי: | |
|---|---|
| מחברים אחרים: | |
| פורמט: | ספר |
| שפה: | Vietnamese |
| יצא לאור: |
H.
Văn học
1986
|
| סדרה: | Văn học hiện đại nước ngoài. Văn học Xô Viết
|
| נושאים: | |
| תגים: |
הוספת תג
אין תגיות, היה/י הראשונ/ה לתייג את הרשומה!
|
| Thư viện lưu trữ: | Mạng thư viện Đại học Đà Nẵng |
|---|
| LEADER | 01041nam a22003618a 4500 | ||
|---|---|---|---|
| 001 | 000004892 | ||
| 003 | 1034 | ||
| 005 | 20110805090831.0 | ||
| 008 | 110805s1986 b 000 0 od | ||
| 020 | |c 22đ50 |d 10.000b | ||
| 041 | 0 | |a dịch liên xô | |
| 041 | 0 | |a vie | |
| 084 | |a V6(2)7-44 |b B000ế | ||
| 100 | 1 | |a Bônđarep, Iuri | |
| 245 | 1 | 0 | |a Bến bờ |c Bônđarep, Iuri ; dịch và giới thiệu Nguyễn Thuủ ựng |n T.1=01 |
| 260 | |a H. |b Văn học |c 1986 | ||
| 300 | |a 349tr |c 19cm | ||
| 490 | |a Văn học hiện đại nước ngoài. Văn học Xô Viết | ||
| 500 | |a Dịch từ nguyên bản tiếng Nga | ||
| 505 | |a T.1=01 | ||
| 653 | |a Văn học hiện đại | ||
| 653 | |a Văn học Xô Viết | ||
| 653 | |a tiểu thuyết | ||
| 653 | |a Nga | ||
| 700 | 1 | |a Nguyễn Thuủ ựng |e Dịch | |
| OWN | |a LSP | ||
| 999 | |a From the UDN01 | ||
| TYP | |a Monograph | ||
| TYP | |a Printed language | ||
| 980 | |a Mạng thư viện Đại học Đà Nẵng | ||